000
00307nam a2200121Ia 4500
005
20251222144717.0
008
251222s9999||||xx |||||||||||||| ||spa||
082
_a
004.015.1/C82
100
_a
Cortez Vásquez, Augusto
245
0
_a
Matemáticas Discretas:
264
_b
Fondo Editorial UNMSM
942
_c
LIB
999
_c
18062
_d
18062